Compendio de anatomía topográfica, con aplicaciones medicoquirúrgicas
Guardat en:
| Autor principal: | |
|---|---|
| Altres autors: | , |
| Format: | Llibre |
| Idioma: | espanyol |
| Publicat: |
Barcelona
Salvat
1974
|
| Matèries: | |
| Etiquetes: |
Afegir etiqueta
Sense etiquetes, Sigues el primer a etiquetar aquest registre!
|
MARC
| LEADER | 00000nam a2200000 a 4500 | ||
|---|---|---|---|
| 001 | UCL4716 | ||
| 003 | CL-VaPUC | ||
| 005 | 20210623001225.0 | ||
| 008 | 040123e19740000SP |||||||||||||||||spa|d | ||
| 999 | |c 307495 |d 307493 | ||
| 020 | |a 8434511436 | ||
| 040 | |c Pontificia Universidad Católica de Valparaíso | ||
| 082 | 0 | 4 | |a 611 TES 1974 |2 21 |
| 100 | 0 | |a Testut, Leo |9 482348 | |
| 245 | 1 | 0 | |a Compendio de anatomía topográfica, con aplicaciones medicoquirúrgicas |
| 260 | |a Barcelona |b Salvat |c 1974 | ||
| 300 | |a 481 páginas | ||
| 583 | |a last modification |c 20040123 00:00:00 |k Rodrigo Vera | ||
| 650 | 0 | |a Anatomía humana |9 269546 | |
| 700 | 0 | |a Jacob, O |9 482349 | |
| 700 | 0 | |a Bernard, R |9 482350 | |
| 942 | |c BK |2 ddc | ||
| 945 | |d 20040123 00:00:00 |a cmena | ||
| 952 | |0 0 |1 0 |2 ddc |4 0 |6 611_000000000000000_TES_1974 |7 0 |8 A |9 373471 |a BIBCUR |b BIBCUR |d 2019-11-21 |i 2110644 |l 5 |o 611 TES 1974 |p 2110644 |r 2025-04-22 |s 2023-10-23 |t 1 |w 2019-11-21 |y BK |k BIO | ||